000 00624nab a2200181 4500
001 244442
003 OSt
005 20230517131411.0
007 tu
008 200917s2020|||||||
040 _aDE-2950
_cDE-2950
245 0 0 _aDie graue Fassade täuscht.
_bKiez. Menschen, die in der Halben Stadt in Frankfurt wohnen, kamen zusammen und erzählten von den Vorzügen und Missständen in ihrem Wohnquartier /
_cSelim Pekel
264 _c2023
653 _aFrankfurt (Oder)
653 _aHalbe Stadt
773 0 _g34. Jahrgang (2023) Nr. 113 vom 16.05.2023, Journal am Wochenende, S. 16
_tMärkische Oderzeitung
942 _2z
_cA
999 _c372472
_d372472